000 00867nam a2200253Ia 4500
008
020 _a0908396686
049 _aMAIN
090 _aSB608.F8NEL
100 1 _aNel, P. J.
245 1 0 _aDeciduous fruits and vines :
_bpests and diseases and their control /
_cP.J. Nel.
260 _aCape Town :
_bPhilip,
_c1983.
300 _axvi, 191 p., [16] p. of plates :
_bill. (some col.) ;
_c22 cm.
504 _aBibliography: p. [174]-186.
500 _aIncludes index.
500 _a"First published in the USA 1985 by Barnes & Noble Books ..."--Label on t.p. verso.
650 0 _aFruit
_xDiseases and pests
_zSouth Africa.
650 0 _aPlant parasites
_xControl
_zSouth Africa.
907 _a.b10201002
_b10-05-06
_c08-05-06
003
005 20230123134211.0
040 _cNUST
942 _cBOOKS
_kSB608.F8NEL
999 _c161781
_d161781